Girls' Names in Top 1000-Q & R (2023) - Statistics

General Stats
  • This quiz has been taken 114 times
  • The average score is 24 of 48
Answer Stats
Answer % Correct
Rachel
86%
Rose
84%
Quinn
82%
Riley
77%
Rylee
77%
Ryleigh
77%
Rylie
77%
Rosa
73%
Rebecca
70%
Rhea
70%
Ruby
70%
Rosie
68%
Rayne
65%
Reign
65%
Ryan
61%
Raya
58%
Reya
58%
Rosalie
54%
Ruth
51%
Remi
49%
Remy
49%
Rory
49%
Rowan
49%
Ramona
46%
Rosemary
46%
Raegan
45%
Raina
45%
Rayna
45%
Reagan
45%
Reese
45%
Reina
45%
Reyna
45%
River
45%
Robin
45%
Raquel
42%
Raven
42%
Quincy
41%
Raelyn
36%
Raelynn
36%
Regina
35%
Renata
23%
Rosalia
22%
Ruthie
22%
Remington
20%
Royalty
14%
Romina
8%
Roselyn
8%
Rivka
5%
No matching quizzes found
Score Distribution
Percent of People with Each Score
Percentile by Number Answered
Your Score History
You have not taken this quiz